| 000 | 00886nam0a22002411 4500 | ||
|---|---|---|---|
| 001 | rc\492347 | ||
| 005 | 20260406152955.0 | ||
| 035 | _a(NLR Aleph) 005734190 | ||
| 090 |
_a7610746 _c7610746 |
||
| 100 | _a20030616d1988 |||y0rusy50 ca | ||
| 101 | 0 | _arus | |
| 102 | _aRU | ||
| 105 | _aa ||||||||| | ||
| 200 | 1 |
_aМЕТОДИЧЕСКИЕ указания по оценке устойчивости сортов риса к возбудителю пирикуляриоза _fВАСХНИЛ, ВНИИ фитопатологии _g[Сост. Коваленко Е.Д. и др.] |
|
| 210 |
_aМ. _cБ. и. _d1988 |
||
| 215 |
_a31 с. _cил. _d20 |
||
| 702 | 1 |
_aКоваленко _bЕ.Д. _4220 |
|
| 712 | 0 | 2 |
_aВНИИ фитопатологии _3RU\NLR\AUTH\889928419 _9352454 |
| 801 | 0 |
_aRU _bNLR _gpsbo |
|
| 801 | 1 |
_aRU _bELAR _2rusmarc |
|
| 852 |
_aNLR _j90-4/10283 |
||
| 942 | _cBOOK | ||
| 980 | _aNB | ||